Ukraine : First Review Under the Standii-By Arrangement-Staff Report; Staff Statement; Press Release on the Executive Board Discussion.

Ukraine's 29-month Stand-By Arrangement (SBA) was approved. Ukraine's satisfactory performance under the economic program supported by the Stand-By Arrangement, along with strong policy commitments for the coming year, are supporting a steady recovery in confidence and broadening of econom...

Descrizione completa

Dettagli Bibliografici
Ente Autore: International Monetary Fund
Natura: Periodico
Lingua:English
Pubblicazione: Washington, D.C. : International Monetary Fund, 2011.
Serie:IMF Staff Country Reports; Country Report ; No. 2011/052
Accesso online:Full text available on IMF
LEADER 01762cas a2200241 a 4500
001 AALejournalIMF007049
008 230101c9999 xx r poo 0 0eng d
020 |c 5.00 USD 
020 |z 9781455217755 
022 |a 1934-7685 
040 |a BD-DhAAL  |c BD-DhAAL 
110 2 |a International Monetary Fund. 
245 1 0 |a Ukraine :   |b First Review Under the Standii-By Arrangement-Staff Report; Staff Statement; Press Release on the Executive Board Discussion. 
264 1 |a Washington, D.C. :  |b International Monetary Fund,  |c 2011. 
300 |a 1 online resource (71 pages) 
490 1 |a IMF Staff Country Reports 
500 |a <strong>Off-Campus Access:</strong> No User ID or Password Required 
500 |a <strong>On-Campus Access:</strong> No User ID or Password Required 
506 |a Electronic access restricted to authorized BRAC University faculty, staff and students 
520 3 |a Ukraine's 29-month Stand-By Arrangement (SBA) was approved. Ukraine's satisfactory performance under the economic program supported by the Stand-By Arrangement, along with strong policy commitments for the coming year, are supporting a steady recovery in confidence and broadening of economic activity. Further efforts, including gas price increases and structural reforms, are needed to create a more viable and transparent energy sector. Important progress has been made in rehabilitating and restoring confidence in the financial system, including private bank recapitalization and steps toward strengthening the supervisory framework. 
538 |a Mode of access: Internet 
830 0 |a IMF Staff Country Reports; Country Report ;  |v No. 2011/052 
856 4 0 |z Full text available on IMF  |u http://elibrary.imf.org/view/journals/002/2011/052/002.2011.issue-052-en.xml  |z IMF e-Library